| 000 | 00755cab a22001935a 4500 | ||
|---|---|---|---|
| 001 | L152605 | ||
| 008 | 110331e20110305xxk 000 0 eng d | ||
| 035 | _a(Sirsi) u152605 | ||
| 041 | 0 | _aeng | |
| 100 | 1 | _aMarkanday, Akhil | |
| 245 | 0 | 0 | _aOptimism comes at a cost |
| 260 | _c2011 | ||
| 490 |
_aEstates Gazette _v(1109) 5 March 2011, 157(1) |
||
| 520 | _aExplains why professional negligence claims in a falling market are becoming more common as lenders question the valuer's original calculations. Warns that continuing poor market conditions are likely to see this trend continuing. With relevant case law. | ||
| 590 | _aKA | ||
| 651 | 4 | _aUnited Kingdom | |
| 690 | _aMANAGEMENT-BUSINESS MANAGEMENT-PROFESSIONAL PRACTICE-NEGLIGENCE | ||
| 942 | _n0 | ||
| 999 |
_c83022 _d83022 |
||